000 00791nam a2200265Ia 4500
003 OSt
005 20220930071834.0
006 a|||||r|||| 00| 0
007 ta
008 220926b |||||||| |||| 00| 0 hin d
024 _a18290
037 _cTheses
040 _aCRL
_cCRL
_bhin
041 _2hin
_ahin
100 _aAruna Kumari
_9529080
110 _aUniversity of Delhi. Faculty of Arts. Department of Hindi
245 0 _aReetikaleen satsai sahitya mein nayika varnan
260 _c1980
300 _a377p.
_ap.
_ccm.
650 _aHINDI LITERATURE
_923866
700 _a Dr. Satyadev Chaudhary Gu.
_9529081
700 _aUniversity of Delhi. Faculty of Arts. Department of Hindi
942 _cDIS
_2CC
999 _c862936
_d862936